The transition from sustainable entrepreneurship to post-growth entrepreneurship (notice n° 1870951)

détails MARC
000 -LEADER
fixed length control field 01733cam a2200157 4500500
005 - DATE AND TIME OF LATEST TRANSACTION
control field 20260329012430.0
041 ## - LANGUAGE CODE
Language code of text/sound track or separate title fre
042 ## - AUTHENTICATION CODE
Authentication code dc
100 10 - MAIN ENTRY--PERSONAL NAME
Personal name Kervio, Julien
Relator term author
245 00 - TITLE STATEMENT
Title The transition from sustainable entrepreneurship to post-growth entrepreneurship
260 ## - PUBLICATION, DISTRIBUTION, ETC.
Date of publication, distribution, etc. 2026.<br/>
500 ## - GENERAL NOTE
General note 73
520 ## - SUMMARY, ETC.
Summary, etc. This doctoral project explores the transition from sustainable entrepreneurship to post-growth entrepreneurship. The project builds on the premise that mainstream sustainable entrepreneurship is grounded in a weak conception of sustainability—one that proves inadequate in solving growing ecological and social crises. Degrowth, by contrast, offers a strong approach to sustainability, yet its principles remain only marginally incorporated into entrepreneurial practice. The dissertation seeks to clarify the distinctions between these two perspectives, to develop a theoretical framework for translating degrowth principles into the entrepreneurial ecosystem, and to analyze the risks associated with such a transition. Adopting a constructivist epistemological stance, the study draws on a comprehensive literature review, a systemic analytical framework, and an intervention-research project carried out with LIDEV, a sustainable-entrepreneurship support organization based in Geneva. The project thus provides value both to scholars and practitioners by generating new knowledge that can enable entrepreneurs to explore pathways toward more robust forms of sustainability.
786 0# - DATA SOURCE ENTRY
Note Projectics / Proyéctica / Projectique | 43 | 1 | 2026-03-24 | p. 81-92 | 2031-9703
856 41 - ELECTRONIC LOCATION AND ACCESS
Uniform Resource Identifier <a href="https://shs.cairn.info/journal-projectics-proyectica-projectique-2026-1-page-81?lang=en&redirect-ssocas=7080">https://shs.cairn.info/journal-projectics-proyectica-projectique-2026-1-page-81?lang=en&redirect-ssocas=7080</a>

Pas d'exemplaire disponible.

PLUDOC

PLUDOC est la plateforme unique et centralisée de gestion des bibliothèques physiques et numériques de Guinée administré par le CEDUST. Elle est la plus grande base de données de ressources documentaires pour les Étudiants, Enseignants chercheurs et Chercheurs de Guinée.

Adresse

627 919 101/664 919 101

25 boulevard du commerce
Kaloum, Conakry, Guinée

Réseaux sociaux

Powered by Netsen Group @ 2025